000 00814nam a2200241Ia 4500
003 OSt
005 20220923213402.0
006 a|||||r|||| 00| 0
007 ta
008 220922b |||||||| |||| 00| 0 hin d
024 _a161,341
037 _cTextual
040 _aARTS
_cARTS
_bhin
041 _2hin
_ahin
082 _aO152,2M89,CH:g, J4
100 _aउप्रैति, कृन्दनलाल
245 0 _aनाटककार प्रसाद और उनका चन्द्रगुप्त
246 _aNāṭakakār prasād aur unakā chandragupta
260 _c1954
650 _aहिन्दी साहित्य
_9156264
942 _hO152,2M89,CH:g, J4
_cTEXL
_2CC
999 _c316012
_d316012